[Event "3rd Open"]
[Site "Kolkata IND"]
[Date "2008.04.02"]
[Round "10"]
[White "Sriram,J"]
[Black "Grover,S"]
[Result "1-0"]
[WhiteElo "2457"]
[BlackElo "2242"]

1.d4 Nf6 2.c4 e6 3.g3 c5 4.d5 exd5 5.cxd5 b5 6.Bg2 d6 7.a4 b4 8.Nd2 Ba6 9.Qc2 Nbd7
10.a5 Be7 11.Nc4 O-O 12.e4 Bxc4 13.Qxc4 Ne5 14.Qc2 c4 15.Ne2 Nd3+ 16.Kf1 Qc8
17.Nd4 Qa6 18.Bf3 Rfe8 19.Kg2 Bf8 20.Be3 Nxe4 21.Ne6 b3 22.Qb1 Qb7 23.Bxe4 Rxe6
24.a6  1-0

[Event "TCh-RUS w"]
[Site "Dagomys RUS"]
[Date "2008.04.05"]
[Round "4"]
[White "Iljushina,O"]
[Black "Zhao Xue"]
[Result "0-1"]
[WhiteElo "2255"]
[BlackElo "2523"]

1.d4 Nf6 2.c4 e6 3.g3 c5 4.d5 exd5 5.cxd5 b5 6.e4 Nxe4 7.Qe2 Qe7 8.Bg2 f5
9.Nh3 Ba6 10.Be3 g6 11.Qc2 Bg7 12.O-O Qe5 13.Bxe4 fxe4 14.Bxc5 d6 15.Bb4 O-O
16.Nc3 Bc8 17.Nf4 a5 18.Bxd6 Qxd6 19.Nxb5 Qe5 20.Nc7 Ra7 21.d6 Rb7 22.Qc4+ Kh8
23.Nfe6 Bxe6 24.Qxe6 Rxb2 25.Rad1 Qc5 26.Rc1 Qa7 27.Kh1 Rbxf2 28.Rxf2 Qxf2
29.Qxe4 Qd2 30.Re1 Qxd6 31.Ne8 Qd4 32.Qb7 Be5 33.Nc7 Qc3 34.Qe4 Bxc7 35.Qe7 Qf3+  0-1

[Event "FSIM April"]
[Site "Budapest HUN"]
[Date "2008.04.07"]
[Round "3"]
[White "Werner,Di"]
[Black "Simonyi,Z"]
[Result "0-1"]
[WhiteElo "2300"]
[BlackElo "2250"]

1.d4 Nf6 2.c4 e6 3.g3 c5 4.d5 exd5 5.cxd5 d6 6.Bg2 g6 7.Nf3 Bg7 8.Nc3 O-O
9.O-O Re8 10.Nd2 Nfd7 11.h3 f5 12.Nf3 Na6 13.Bg5 Nf6 14.Qa4 h6 15.Bc1 Nc7
16.Qd1 b5 17.a3 Rb8 18.Ne1 a5 19.Nc2 b4 20.axb4 axb4 21.Nb1 Ba6 22.Re1 Ne4
23.Nd2 Qf6 24.Nxe4 fxe4 25.Ne3 h5 26.h4 Ra8 27.Nc2 Bb7 28.Rxa8 Bxa8 29.Ne3 Qd4
30.Qa4 Rf8 31.Rd1 Qf6 32.f4 exf3 33.exf3 Qe7 34.Qc2 Kh7 35.Qc4 Bb7 36.Kh2 Ba6
37.Qe4 Re8 38.b3 Qf6 39.Qb1 Qc3 40.Nf5 gxf5 41.Qxf5+ Kg8 42.Bf4 Re2 43.Bxd6 Ne8
44.Bf4  0-1

[Event "TCh-HUN 2007-8"]
[Site "Budapest HUN"]
[Date "2008.04.27"]
[Round "10"]
[White "Ignacz,M"]
[Black "Ignacz,R"]
[Result "1-0"]
[WhiteElo "2223"]
[BlackElo "2079"]

1.d4 Nf6 2.c4 e6 3.g3 c5 4.Nf3 cxd4 5.Nxd4 Bb4+ 6.Bd2 Bc5 7.Nb3 Be7 8.Bg2 Nc6
9.Nc3 O-O 10.e4 b6 11.Qe2 Bb7 12.O-O Rc8 13.e5 Ne8 14.Rfd1 Qc7 15.Rac1 Qb8
16.Bf4 d6 17.exd6 Bxd6 18.Bxd6 Nxd6 19.c5 Nf5 20.Ne4 Rfd8 21.cxb6 axb6 22.Rxd8+ Rxd8
23.Nf6+ gxf6 24.Bxc6 Bxc6 25.Rxc6 Rd6 26.Rc4 Qd8 27.Rc1 Ne7 28.Qg4+ Kh8 29.h4 Nd5
30.Nd4 Qd7 31.h5 h6 32.Qf3 Qd8 33.Nb5 Rd7 34.a3 Kg7 35.Rc4 f5 36.Qe2 Nf6
37.Nc3 Rd4 38.Rxd4 Qxd4 39.Qf3 Qd2 40.Na4 Qg5 41.Nxb6 Qc1+ 42.Kg2 Qxb2 43.Nc4 Qc1
44.Nd6 Qc7 45.Nb5 Qd7 46.a4 Qd5 47.Qxd5 Nxd5 48.a5 Nb4 49.Nc7 Kf8 50.a6 Nc6
51.Nb5  1-0

[Event "ch-URU"]
[Site "Montevideo URU"]
[Date "2008.06.01"]
[Round "4"]
[White "Lopez Falcon,J"]
[Black "Izquierdo,D"]
[Result "1/2-1/2"]
[WhiteElo "2158"]
[BlackElo "2302"]

1.d4 Nf6 2.c4 e6 3.g3 c5 4.Nf3 cxd4 5.Nxd4 a6 6.Bg2 Nc6 7.O-O Qc7 8.b3 d6
9.Nc3 Bd7 10.Qd2 Be7 11.Rd1 O-O 12.Bb2 Nxd4 13.Qxd4 Bc6 14.e4 b5 15.Rac1 e5
16.Qd3 Qb7 17.Nd5 Bxd5 18.cxd5 Nd7 19.Bh3 Nc5 20.Qe2 Qa7 21.Rc2 Bg5 22.b4 Na4
23.Bc1 Qe7  1/2-1/2

[Event "XXX Nezhmetdinov Mem"]
[Site "Kazan RUS"]
[Date "2008.06.02"]
[Round "2"]
[White "Akhmadeev,Vad"]
[Black "Bocharov,D"]
[Result "0-1"]
[WhiteElo "2397"]
[BlackElo "2569"]

1.d4 Nf6 2.c4 e6 3.g3 c5 4.d5 exd5 5.cxd5 b5 6.Bg2 d6 7.e4 g6 8.Ne2 Nbd7
9.O-O Bg7 10.Bf4 Qe7 11.Nec3 Nh5 12.Nxb5 Nxf4 13.gxf4 O-O 14.N1c3 a6 15.Na3 Rb8
16.Nc4 Rb4 17.Qe2 Qh4 18.a3 Rxc4 19.Qxc4 Qxf4 20.Ne2 Ne5 21.Nxf4 Nxc4 22.Nd3 Bg4
23.f3 Bd7 24.Rfe1 Rb8 25.Bf1 Nd2 26.Be2 c4 27.Nb4 a5 28.Nc6 Rxb2 29.Rac1 c3
30.Bd1 c2 31.Rxc2 Nxf3+ 32.Kf1 Nxe1 33.Rxb2 Bxb2 34.Kxe1 Bxa3 35.Kd2 Bb4+
36.Kd3 Kf8 37.Kc4 Bc5 38.Nxa5 Bg1 39.h4 h5 40.Nc6 Bf2 41.e5 Bxh4 42.exd6 Bg3
43.Kc5 Ke8 44.Nb8 Bf2+ 45.Kc4 h4 46.Na6 h3 47.Bf3 g5 48.Nb8 g4 49.Nxd7 gxf3
50.Nf6+ Kd8 51.Ng4 Bg3  0-1

[Event "XXX Nezhmetdinov Mem"]
[Site "Kazan RUS"]
[Date "2008.06.05"]
[Round "5"]
[White "Borisenko,An"]
[Black "Kamov,I"]
[Result "1/2-1/2"]
[WhiteElo "2429"]
[BlackElo "2252"]

1.d4 e6 2.c4 Nf6 3.g3 c5 4.dxc5 Bxc5 5.Bg2 O-O 6.Nf3 d5 7.cxd5 Nxd5 8.O-O Nc6
9.a3 a5 10.Qc2 Qb6 11.Nbd2 Be7 12.Nc4 Qa6 13.e4 Nf6 14.Be3 Ng4 15.Bb6 Nge5
16.Nfxe5 Nxe5 17.Nxe5 Qxb6 18.Rfd1 Qc5 19.Qxc5 Bxc5 20.Rac1 b6 21.Bf1 f6
22.Nd7 Bxd7 23.Rxd7 Rad8 24.Rcd1 Rxd7 25.Rxd7 Rf7 26.Rd2 Rc7 27.Kg2 Kf7  1/2-1/2

[Event "FSGM June"]
[Site "Budapest HUN"]
[Date "2008.06.11"]
[Round "5"]
[White "Nguyen Huynh Minh Huy"]
[Black "Rajlich,I"]
[Result "1-0"]
[WhiteElo "2482"]
[BlackElo "2411"]

1.d4 Nf6 2.c4 e6 3.g3 c5 4.d5 exd5 5.cxd5 d6 6.Nc3 Be7 7.Bg2 O-O 8.Nf3 Re8
9.Nd2 Bf8 10.O-O b6 11.Re1 Nbd7 12.a4 a6 13.Nc4 Ne5 14.Nxe5 Rxe5 15.e4 Re8
16.f4 Bg4 17.Qd3 Qc8 18.Qf1 g6 19.e5 dxe5 20.fxe5 Nh5 21.h3 c4 22.hxg4 Bc5+
23.Be3 Qxg4 24.Qf3 Qxf3 25.Bxf3 Bxe3+ 26.Rxe3 Nxg3 27.Bg4 h5 28.Kf2 hxg4
29.Kxg3 b5 30.Kxg4 f5+ 31.Kg5 b4 32.Ne2  1-0

[Event "Open"]
[Site "Teplice CZE"]
[Date "2008.06.20"]
[Round "7"]
[White "Jirka,J"]
[Black "Plischki,S"]
[Result "1/2-1/2"]
[WhiteElo "2400"]
[BlackElo "2378"]

1.d4 Nf6 2.c4 e6 3.g3 c5 4.d5 exd5 5.cxd5 b5 6.f3 d6 7.e4 a6 8.a4 b4 9.a5 g6
10.Nd2 Bg7 11.Nc4 O-O 12.Bg2 Ne8 13.f4 Bd7 14.Nf3 Bb5 15.Qd3 Nd7 16.O-O Nc7
17.Ra2 Bxc4 18.Qxc4 Nb5 19.Kh1 Re8 20.Be3 Rc8 21.Bg1 b3 22.Ra4 Bxb2 23.Qxb3 Bg7
24.Rc1 h6 25.Qd3 c4 26.Rcxc4 Rxc4 27.Rxc4 Qxa5 28.Bh3 Rd8 29.Qd1 Nf6 30.Nd4 Nxd4
31.Qxd4 Re8 32.Qd3 Qe1 33.e5 dxe5 34.fxe5 Qxe5 35.d6 Rd8 36.Rc8 Rxc8 37.Bxc8 Qb5
38.Qxb5 axb5 39.d7 Nxd7 40.Bxd7 b4 41.Ba4 Bc3 42.Kg2 f5 43.Kf3 Kg7 44.Bb6 g5
45.Bd8 Kg6 46.Bc2 h5 47.h3 b3 48.Bxb3 g4+ 49.Kg2 Bf6 50.Bxf6 Kxf6 51.h4 Ke5
52.Bf7 f4 53.Bxh5 fxg3 54.Kxg3 Kf6  1/2-1/2

[Event "22th Open"]
[Site "Pula CRO"]
[Date "2008.06.26"]
[Round "7"]
[White "Karner,C"]
[Black "Kuljasevic,D"]
[Result "0-1"]
[WhiteElo "2356"]
[BlackElo "2502"]

1.d4 Nf6 2.c4 e6 3.g3 c5 4.Nf3 cxd4 5.Nxd4 d5 6.Bg2 e5 7.Nf3 d4 8.O-O Nc6
9.e3 Be7 10.exd4 exd4 11.b3 O-O 12.Bb2 Bc5 13.a3 a5 14.Nbd2 Bf5 15.Re1 d3
16.h3 Qd6 17.Ne5 Nd4 18.Ndf3 Ne2+ 19.Kh2 Rfe8 20.Nh4 Rxe5 21.f4 Ree8 22.Nxf5 Qd7
23.g4 Nxf4 24.Qd2 Qc7 25.Bxf6 gxf6 26.Kh1 Re2 27.Qc3 Qe5 28.Qxe5 fxe5 29.Bf3 Rxe1+
30.Rxe1 f6 31.Rd1 Nxh3 32.Kg2 Nf4+ 33.Kf1 Bxa3 34.Ne3 a4 35.bxa4 Rxa4 36.Ra1 b6
37.Nd5 Nxd5 38.Bxd5+ Kg7 39.Rd1 Bc5 40.Rxd3 Ra1+ 41.Kg2 Rg1+ 42.Kf3 Kg6 43.Be6 h5
44.gxh5+ Kxh5 45.Rd8 Rf1+ 46.Kg2 Rf2+ 47.Kg3 f5 48.Rd5 f4+ 49.Kh3 Rf3+ 50.Kg2 Rg3+
51.Kf1 Re3 52.Rd8 e4 53.Bd5 Rf3+ 54.Ke1 Re3+ 55.Kf1 Kg4 56.Rh8 Bb4 57.Be6+ Kg5
58.Rg8+ Kf6 59.Bd5 Ke5 60.Rg5+ Kd4 61.Rf5 f3 62.Be6 Re1+ 63.Kf2 Re2+ 64.Kf1 Ke3  0-1

[Event "Volga Cup IM"]
[Site "Kostroma RUS"]
[Date "2008.07.08"]
[Round "8"]
[White "Svetlov,D"]
[Black "Arslanov,S"]
[Result "1-0"]
[WhiteElo "2306"]
[BlackElo "2228"]

1.d4 e6 2.c4 Nf6 3.g3 c5 4.Nf3 cxd4 5.Nxd4 Nc6 6.Bg2 a6 7.O-O Qc7 8.Nc3 Be7
9.b3 O-O 10.Bb2 d6 11.Rc1 Nxd4 12.Qxd4 Rd8 13.Rfd1 Bd7 14.Qe3 Be8 15.Rd3 Rab8
16.Qd2 Nd7 17.Qd1 Nc5 18.Rd2 b6 19.e4 Qa7 20.Qe2 Bc6 21.Rcd1 Qa8 22.Nd5 Bf8
23.Nf6+ Kh8 24.Qg4 e5 25.Nd5 b5 26.cxb5 axb5 27.Ba1 f6 28.Qe2 b4 29.Rc2 Bxd5
30.Rxd5 Nxb3 31.axb3 Qxa1+ 32.Rd1 Qa7 33.Bh3 d5 34.exd5 Bc5 35.Be6 Bd4 36.h4 Bc3
37.h5 g6 38.Kg2 Kg7 39.Qf3 Qc7 40.h6+ Kf8 41.Qxf6+ Ke8 42.Qh8+ Ke7 43.Qxh7+ Kd6
44.Qxg6 Kc5 45.h7 e4 46.Qxe4 Kb6 47.Bg8 Qe5 48.Qxe5 Bxe5 49.Rc6+ Kb5 50.Rdc1  1-0

[Event "Inautomarket Open"]
[Site "Minsk BLR"]
[Date "2008.07.13"]
[Round "4"]
[White "Andreikin,D"]
[Black "Lushenkov,M"]
[Result "1-0"]
[WhiteElo "2604"]
[BlackElo "2452"]

1.d4 Nf6 2.c4 e6 3.g3 c5 4.Nf3 cxd4 5.Nxd4 a6 6.Bg2 Qc7 7.b3 Bb4+ 8.Bd2 Bc5
9.Nc2 d5 10.cxd5 Nxd5 11.e4 Nf6 12.O-O O-O 13.Nc3 Nc6 14.Rc1 Rd8 15.Qe2 Bd7
16.b4 Be7 17.a3 Ne5 18.f4 Nc4 19.Be1 Rac8 20.e5 Ne8 21.Bf2 Bc6 22.Bxc6 Qxc6
23.Nd4 Qc7 24.Nd1 b5 25.Nb2 g6 26.Rc2 Qd7 27.Nxc4 bxc4 28.Rxc4 Qa4 29.Qc2 Qxc2
30.Rxc2 Rxc2 31.Nxc2 Rd3 32.Rc1 f6 33.Nd4 Rxa3 34.Rc8 Kf7 35.Nc6 fxe5 36.fxe5 h5
37.Ra8 Rc3 38.Nxe7 Nc7 39.Ra7 Kxe7 40.Bb6 Kd7 41.Kf2 Kc8 42.Bxc7 Rxc7 43.Rxa6 Kd7
44.h4 Rc4 45.b5 Rc5 46.Ra7+ Kc8 47.b6 Rxe5 48.Rc7+ Kb8 49.Rg7 Rb5 50.Rxg6 Rxb6
51.Rg5 Kc7 52.Rxh5 Kd6 53.Kf3 Rb3+ 54.Kg4 e5 55.Rh8 Kd5 56.Re8 Ke4 57.h5 Rb1
58.h6 Rh1 59.Kg5 Kf3 60.Rxe5 Kxg3 61.Re3+ Kf2 62.Re7 Kf3 63.h7 Rh2 64.Kg6 Kf4
65.Re8  1-0

[Event "ch-SUI"]
[Site "Samnaun SUI"]
[Date "2008.07.13"]
[Round "4"]
[White "Raetsky,A"]
[Black "Jenni,F"]
[Result "1/2-1/2"]
[WhiteElo "2421"]
[BlackElo "2544"]

1.d4 Nf6 2.c4 e6 3.g3 c5 4.Nf3 cxd4 5.Nxd4 d5 6.Bg2 e5 7.Nc2 d4 8.f4 Nc6
9.Bxc6+ bxc6 10.fxe5 Qa5+ 11.Qd2 Qxe5 12.Qxd4 Qh5 13.Qe3+ Be6 14.Nc3 Bc5
15.Qf3 Qxf3 16.exf3 Bxc4 17.Be3 Bb6 18.Kf2  1/2-1/2

[Event "Inautomarket Open"]
[Site "Minsk BLR"]
[Date "2008.07.15"]
[Round "6"]
[White "Yevseev,D"]
[Black "Podolchenko,E"]
[Result "0-1"]
[WhiteElo "2510"]
[BlackElo "2452"]

1.d4 Nf6 2.c4 e6 3.g3 c5 4.Nf3 cxd4 5.Nxd4 Nc6 6.Bg2 Bc5 7.Nb3 Be7 8.O-O O-O
9.Nc3 b6 10.Nd4 Bb7 11.b3 a6 12.Bb2 Qc7 13.e4 d6 14.Rc1 Ne5 15.f4 Ned7 16.g4 Nc5
17.Qe2 g6 18.b4 Ncd7 19.g5 Nh5 20.Qg4 Qd8 21.e5 Bxg2 22.Qxg2 Nxf4 23.Rxf4 Nxe5
24.Ne4 Rc8 25.Nf6+ Bxf6 26.Rxf6 Rxc4 27.Rxc4 Nxc4 28.Bc3 d5 29.Qf2 e5 30.Nc6 Qc7
31.Qf3 d4 32.Be1 Qd7 33.Bg3 Re8 34.Qe4 d3 35.Qxc4 d2 36.Rf1 d1=Q 37.Rxd1 Qxd1+
38.Qf1 Qg4 39.Qf6 Qd1+ 40.Kg2 Re6  0-1

[Event "ch-SUI"]
[Site "Samnaun SUI"]
[Date "2008.07.15"]
[Round "6"]
[White "Carron,J"]
[Black "Jenni,F"]
[Result "1-0"]
[WhiteElo "2401"]
[BlackElo "2544"]

1.d4 Nf6 2.c4 e6 3.g3 c5 4.d5 exd5 5.cxd5 d6 6.Nc3 g6 7.Nf3 Bg7 8.Nd2 O-O
9.Nc4 Ne8 10.Bg2 Nd7 11.O-O f5 12.Bf4 Qe7 13.Qd2 b6 14.a4 Ba6 15.Nb5 Ne5
16.Qe3 Bxb5 17.axb5 Nc7 18.Bxe5 Bxe5 19.Nxe5 Qxe5 20.Qxe5 dxe5 21.d6 Nxb5
22.Bxa8 Rxa8 23.Rfd1 Kf7 24.f4 exf4 25.gxf4 Ke6 26.Rd3 Kd7 27.Rh3 Rh8 28.Kf2 a5
29.Rg1 Nxd6 30.Rxg6 hxg6 31.Rxh8 Nc4 32.Rh6 Nxb2 33.Rxg6 Nc4 34.h4 a4 35.h5 a3
36.h6 a2 37.Rg1 Nd6 38.h7 Nf7 39.Ra1  1-0

[Event "Politiken Cup"]
[Site "Helsingor DEN"]
[Date "2008.07.25"]
[Round "8"]
[White "Nguyen,Mi"]
[Black "Brynell,S"]
[Result "1/2-1/2"]
[WhiteElo "2174"]
[BlackElo "2468"]

1.d4 e6 2.c4 Nf6 3.g3 c5 4.d5 exd5 5.cxd5 d6 6.Nc3 g6 7.Bg2 Bg7 8.Nf3 O-O
9.O-O Re8 10.Nd2 a6 11.a4 Nbd7 12.Nc4 Nb6 13.Na3 Bd7 14.h3 Rb8 15.Rb1 Qc7
16.e4 Nc8 17.Qd3 Na7 18.b4 b5 19.axb5 Nxb5 20.Naxb5 Bxb5 21.Nxb5 Rxb5 22.bxc5 Rxb1
23.Qxb1 Qxc5 24.Be3 Qb5 25.Qxb5 axb5 26.Rb1 Rb8 27.Rb4 Ne8 28.Bf1 Nc7 29.Bf4 Rb6
30.Be3 Rb7 31.Bf4 Rb6  1/2-1/2

[Event "41st Festival MTO"]
[Site "Biel SUI"]
[Date "2008.07.28"]
[Round "7"]
[White "Gleizerov,E"]
[Black "Maze,S"]
[Result "0-1"]
[WhiteElo "2549"]
[BlackElo "2553"]

1.d4 Nf6 2.c4 e6 3.g3 c5 4.d5 exd5 5.cxd5 d6 6.Nc3 g6 7.Nf3 Bg7 8.Bg2 Na6
9.Nd2 O-O 10.Nc4 Qe7 11.O-O Nc7 12.a4 Nd7 13.e4 b6 14.Bf4 Ne8 15.Re1 Ba6
16.Bf1 Bxc4 17.Bxc4 Nc7 18.Kg2 Ne5 19.Be2 a6 20.Be3 Nd7 21.Qc2 Rfe8 22.Bd3 Rab8
23.f3 Rb7 24.Rab1 b5 25.b4 c4 26.Bf1 f5 27.Bd2 fxe4 28.Nxe4 Qf8 29.axb5 Nxb5
30.Ng5 Na3 31.Qa4 Nxb1 32.Rxb1 Qf5 33.Rd1 c3 34.g4 Qf6 35.Bc1 Rf8 36.f4 c2
37.Qxc2 Rxb4 38.Ne6 Rfb8 39.Qc7 Nf8 40.Nxg7 Qxg7 41.Qxd6 Rb2+ 42.Bxb2 Rxb2+
43.Kh1 Qc3 44.Bg2 Rxg2 45.Kxg2 Qc2+ 46.Kg3 Qxd1 47.f5 Qg1+ 48.Kh4 Qf2+ 49.Kg5 h6+  0-1

[Event "Sun Pawn A"]
[Site "Illichevsk UKR"]
[Date "2008.07.28"]
[Round "8"]
[White "Arabidze,M"]
[Black "Polyakov,M"]
[Result "1/2-1/2"]
[WhiteElo "2152"]
[BlackElo "2283"]

1.d4 Nf6 2.c4 e6 3.g3 c5 4.d5 exd5 5.cxd5 b5 6.Bg2 d6 7.e4 Nbd7 8.f4 g6 9.Qe2 Nb6
10.Qxb5+ Bd7 11.Qd3 Qe7 12.Nc3 Bg7 13.Nge2 O-O 14.O-O Rfe8 15.Bd2 a5 16.Rae1 Bc8
17.e5 dxe5 18.d6 c4 19.dxe7 cxd3 20.Nc1 Rb8 21.fxe5 Ng4 22.Nxd3 Ba6 23.Rf3 Bxd3
24.Rxd3 Nxe5 25.Rd8 Rbxd8 26.exd8=Q Rxd8 27.Bg5 Rc8  1/2-1/2

[Event "41st Festival MTO"]
[Site "Biel SUI"]
[Date "2008.07.30"]
[Round "9"]
[White "Avrukh,B"]
[Black "Maze,S"]
[Result "1/2-1/2"]
[WhiteElo "2656"]
[BlackElo "2553"]

1.d4 Nf6 2.c4 e6 3.g3 c5 4.d5 exd5 5.cxd5 d6 6.Nc3 g6 7.Bg2 Bg7 8.Nf3 O-O
9.O-O Nbd7 10.a4 a6 11.Nd2 Rb8 12.Nc4 Ne8 13.Bd2 Ne5 14.Na3 Nc7 15.a5 Bd7
16.Na4 Nb5 17.Nb6 Nxa3 18.bxa3 Bb5 19.a4 Be8 20.Rb1 f5 21.f4 Ng4 22.Nc4 Qe7
23.e3 Nf6 24.Bc3 Ne4 25.Bxg7 Kxg7 26.Rb6 Bf7 27.Qd3 Rbd8 28.g4 h6 29.Bxe4 fxe4
30.Qd2 Kh7 31.Rd1 Rd7  1/2-1/2

[Event "FSGM August"]
[Site "Budapest HUN"]
[Date "2008.08.03"]
[Round "2"]
[White "Genutis,M"]
[Black "Rajlich,I"]
[Result "1-0"]
[WhiteElo "2317"]
[BlackElo "2417"]

1.d4 e6 2.c4 Nf6 3.g3 c5 4.Nf3 cxd4 5.Nxd4 d5 6.Bg2 e5 7.Nf3 d4 8.O-O Nc6
9.e3 Be7 10.exd4 exd4 11.Re1 O-O 12.Bf4 Be6 13.Ne5 Qb6 14.Qb3 Na5 15.Qxb6 axb6
16.Nd2 Nh5 17.Nd3 Nxf4 18.Nxf4 Bb4 19.Nxe6 fxe6 20.Rad1 Rad8 21.Bh3 Kh8 22.b3 Nc6
23.Rxe6 Ra8 24.a4 d3 25.Bg4 Rad8 26.Kg2 g6 27.f4 Rfe8 28.Ne4 h5 29.Rxe8+ Rxe8
30.Bf3 Rd8 31.Ng5 Rd7 32.Bd5 d2 33.Nf3 Ne7 34.Be4 Kg7 35.Kf2 Kf6 36.Ke2 Nf5
37.Bxf5 Kxf5 38.Nxd2 Kg4 39.Nf1 Re7+ 40.Ne3+ Kh3 41.Kf3 Bc5 42.Nd5 Re8 43.b4 Bf8
44.Nf6 Re6 45.Ne4 Rxe4 46.Kxe4 Bxb4 47.Kf3 Kxh2 48.Rd5 Be7 49.Rd7  1-0

[Event "Najdorf Memorial Open"]
[Site "Warsaw POL"]
[Date "2008.08.05"]
[Round "4"]
[White "Krasenkova,I"]
[Black "Vedrickas,T"]
[Result "0-1"]
[WhiteElo "2171"]
[BlackElo "2288"]

1.d4 Nf6 2.c4 e6 3.g3 c5 4.d5 exd5 5.cxd5 b5 6.Bg2 d6 7.Nf3 g6 8.O-O Bg7
9.a4 b4 10.Nfd2 Ba6 11.Qc2 O-O 12.Nc4 Ne8 13.h4 Nd7 14.Ra2 Bxc4 15.Qxc4 Nb6
16.Qc2 c4 17.b3 c3 18.a5 Nd7 19.h5 Nc5 20.Bf3 Nc7 21.Be3 Nb5 22.Bxc5 dxc5
23.e3 Nd6 24.Kg2 Qg5 25.a6 Rab8 26.Ra5 Rfc8 27.Ra2 c4 28.Rh1 Nf5 29.hxg6 hxg6
30.Bd1 Re8 31.Kg1 Nxg3 32.Rh2 Ne2+ 33.Kf1 Qg1+ 34.Kxe2 Qxh2 35.Ra5 Rxe3+
36.Kxe3 Re8+ 37.Qe4 Rxe4+ 38.Kxe4 Qh1+ 39.Bf3 Qxb1+  0-1

[Event "Open A"]
[Site "Vladimir RUS"]
[Date "2008.08.19"]
[Round "7"]
[White "Kornev,Alexei"]
[Black "Andreev,Ed UKR"]
[Result "1/2-1/2"]
[WhiteElo "2523"]
[BlackElo "2455"]

1.d4 Nf6 2.c4 e6 3.g3 c5 4.d5 exd5 5.cxd5 d6 6.Nc3 g6 7.Nf3 Bg7 8.Bg2 O-O
9.O-O Na6 10.h3 Nc7 11.a4 Re8 12.Nd2 b6 13.Re1 Ba6 14.Qb3 Qe7 15.e4 Nd7 16.Nb5 Nxb5
17.axb5 Bb7 18.Bf1 h5 19.h4 Nf6 20.Bc4 Qd7 21.Qd3 Re7 22.Nf1 Ng4 23.Bg5 Bd4
24.Re2 f6 25.Bf4 g5 26.Bd2 gxh4 27.Bf4 Rg7 28.Ne3 hxg3 29.Nf5 Nxf2 30.Rxf2 gxf2+
31.Kh2 Kh8 32.Qh3 Rag8 33.Rxa7 Qe8 34.Nxg7 Rxg7 35.Qf5 Qg8 36.Bf1 Bxb2 37.Bxd6 Rd7
38.Bg3 h4 39.Bxf2 Rg7 40.Kh1 Be5 41.Qf3 Qh7 42.Bh3 Qh6 43.Be3 Qg6 44.Bf5 Qe8
45.Bf2 Bd4 46.Bxd4 cxd4 47.d6 Bxe4 48.Bxe4 Rxa7 49.Qxf6+ Rg7 50.Qxh4+ Kg8
51.Bd5+ Rf7 52.Qg5+ Kf8 53.Qh6+ Kg8 54.Be6 Qa8+ 55.Kh2 Qf3 56.Qg5+ Kh7 57.Bxf7 Qxf7
58.Qh4+ Kg6 59.Qxd4 Qd7 60.Qe5 Kf7 61.Kg3 Qe6 62.Kf4 Qc4+ 63.Ke3 Qb3+ 64.Kf4 Qc4+
65.Kg5 Qc1+ 66.Kf5 Qf1+ 67.Kg4 Qg2+ 68.Kh5 Qh3+ 69.Kg5 Qg2+ 70.Kh4 Qf2+ 71.Kh3 Qf3+
72.Kh2 Qf2+ 73.Kh1 Qf1+ 74.Kh2 Qf2+ 75.Kh3 Qf3+ 76.Kh4 Qf2+ 77.Kg4 Qg2+ 78.Kf4 Qf2+
79.Ke4 Qe2+ 80.Kd4 Qb2+ 81.Ke4 Qe2+  1/2-1/2

[Event "ch-SCCF State"]
[Site "Los Angeles USA"]
[Date "2008.08.24"]
[Round "7"]
[White "Tanaka,C"]
[Black "Landaw,J"]
[Result "1/2-1/2"]
[WhiteElo "2098"]
[BlackElo "2246"]

1.d4 Nf6 2.c4 e6 3.g3 c5 4.Nf3 cxd4 5.Nxd4 d5 6.Bg2 e5 7.Nf3 d4 8.O-O Nc6
9.a3 h6 10.b4 e4 11.Nfd2 Bf5 12.Bb2 Qd7 13.Nb3 Rd8 14.b5 Ne5 15.Qxd4 Qxd4
16.Bxd4 Nxc4 17.Bxf6 gxf6 18.Nc3 Nxa3 19.Nxe4 Nxb5 20.Nxf6+ Ke7 21.Nd5+ Ke8
22.Nf6+ Ke7 23.Nd5+ Ke8 24.Nf6+ Ke7 25.Nd5+ Ke8 26.Nf6+  1/2-1/2

[Event "23rd Open"]
[Site "Schwarzach AUT"]
[Date "2008.08.24"]
[Round "9"]
[White "De Marchi,O"]
[Black "Palac,M"]
[Result "0-1"]
[WhiteElo "2214"]
[BlackElo "2587"]

1.d4 Nf6 2.c4 e6 3.g3 c5 4.Nf3 cxd4 5.Nxd4 Qc7 6.Nc3 a6 7.Bg2 Qxc4 8.Bf4 Nc6
9.Nxc6 bxc6 10.O-O d5 11.Rc1 Qb4 12.a3 Qb7 13.b4 Be7 14.Qc2 O-O 15.Rfd1 a5
16.Rb1 axb4 17.axb4 Bd7 18.e4 Rfc8 19.Na4 Be8 20.Nc5 Qb6 21.h3 dxe4 22.Nxe4 Nd5
23.Bd6 Bxd6 24.Nxd6 Rd8 25.Nxe8 Rxe8 26.Rdc1 Nxb4 27.Qxc6 Qxc6 28.Bxc6 Nxc6
29.Rxc6 Ra7 30.h4 f6 31.Rb2 e5 32.Kg2 Kf7 33.Kf3 Kg6 34.Kg4 h5+ 35.Kf3 Kf5
36.Rc3 Rd8 37.Rcb3 Ra1 38.Rb7 g6 39.R2b6 e4+ 40.Ke2 Ra2+ 41.Rb2 Rda8 42.Ke3 Rxb2
43.Rxb2 Ra3+ 44.Ke2 Kg4 45.Rb6 Rf3 46.Rb8 Kh3 47.Rg8 Kg2 48.Rxg6 Rxf2+ 49.Ke3 f5
50.Rg5 Kf1 51.Rxh5 Rf3+ 52.Kd4 e3 53.Rxf5 Rxf5 54.Kxe3 Kg2 55.g4 Rf8  0-1

[Event "TCh-MNE Premier"]
[Site "Herceg Novi MNE"]
[Date "2008.08.28"]
[Round "4"]
[White "Mihajlovic,V"]
[Black "Podlesnik,B"]
[Result "0-1"]
[WhiteElo "2366"]
[BlackElo "2385"]

1.d4 Nf6 2.c4 e6 3.g3 c5 4.d5 exd5 5.cxd5 b5 6.Bg2 d6 7.Nf3 Nbd7 8.O-O g6
9.e4 Bg7 10.Bf4 Qb6 11.a4 Nh5 12.Bc1 b4 13.a5 Qc7 14.g4 Nhf6 15.h3 O-O 16.Re1 Re8
17.Nbd2 Ba6 18.Qa4 Rac8 19.b3 Bd3 20.Bb2 Nxe4 21.Bxg7 Kxg7 22.Bf1 Nc3 23.Qc6 Rxe1
24.Rxe1 Bxf1 25.Kxf1 Qxc6 26.dxc6 Nb8 27.Re7 Nxc6 28.Rd7 d5 29.Ng5 Nd8 30.a6 c4
31.Rxa7 Nb5  0-1

[Event "2nd Open"]
[Site "Urumia IRI"]
[Date "2008.08.31"]
[Round "9"]
[White "Gaprindashvili,V"]
[Black "Ibrahimov,R"]
[Result "0-1"]
[WhiteElo "2452"]
[BlackElo "2537"]

1.d4 Nf6 2.c4 e6 3.g3 c5 4.d5 exd5 5.cxd5 b5 6.Bg2 d6 7.e4 Nbd7 8.f4 g6 9.Qe2 Bg7
10.e5 dxe5 11.fxe5 O-O 12.exf6 Nxf6 13.Qxb5 Rb8 14.Qd3 Re8+ 15.Ne2 Bg4 16.Nc3 Nxd5
17.Ne4 Nb4 18.Qxd8 Rbxd8 19.Kf1 Rd1+ 20.Kf2 Rxh1 21.Bxh1 f5 22.h3 Nd3+ 23.Ke3 Bxe2
24.Kxe2 fxe4 25.Rb1 c4 26.Bg2 Bd4 27.Kd1 Rf8  0-1

[Event "Open A"]
[Site "Graz SUI"]
[Date "2008.09.01"]
[Round "3"]
[White "Schriebl,A"]
[Black "Pachta,P"]
[Result "1-0"]
[WhiteElo "2088"]
[BlackElo "2312"]

1.d4 Nf6 2.c4 e6 3.g3 c5 4.Nf3 cxd4 5.Nxd4 d5 6.Bg2 e5 7.Nb3 d4 8.O-O Nc6
9.Bg5 Be7 10.N1d2 O-O 11.Bxf6 Bxf6 12.Nc5 Be7 13.Nd3 Qc7 14.a3 a5 15.f4 Ra6
16.Bxc6 Rxc6 17.Nxe5 Rh6 18.Ndf3 f6 19.Nd3 Qxc4 20.Rc1 Qd5 21.Qa4 Be6 22.Qxd4 Qf5
23.Nf2 Re8 24.Qe4 Qxe4 25.Nxe4 Rh5 26.Rfd1 Bg4 27.Nc3 Bc5+ 28.Kg2 Be3 29.Ra1 Bh3+
30.Kh1 Be6 31.Rd3 Bc4 32.Rd7 b5 33.b4 Bf2 34.Kg2 Bb6 35.e4 Rc8 36.Nd5 Bd8
37.Rd1 Bb3 38.Rxd8+ Rxd8 39.Nxf6+ Kf7 40.Rxd8 gxf6 41.bxa5 Rc5 42.a6 Rc2+
43.Rd2 Rc7 44.Rb2  1-0

[Event "17th CRO-chT 1a"]
[Site "Sibenik CRO"]
[Date "2008.09.02"]
[Round "6"]
[White "Horvath,Cs1"]
[Black "Lenic,L"]
[Result "1/2-1/2"]
[WhiteElo "2537"]
[BlackElo "2584"]

1.d4 Nf6 2.c4 e6 3.g3 c5 4.d5 b5 5.dxe6 fxe6 6.Bg2 d5 7.cxd5 Bb7 8.Nh3 Bxd5
9.O-O Nc6 10.Nd2 Bxg2 11.Kxg2 Be7 12.Nf3 e5 13.Qb3 a6 14.Qe6 Qd5 15.Ng5 h6
16.Qxd5 Nxd5 17.Ne4 c4 18.a4 Kf7 19.Nc3 Nxc3 20.bxc3 Ke6 21.Ba3 b4 22.cxb4 Nxb4
23.Bb2 Rhc8 24.Bxe5 g5 25.Bc3 Nd5  1/2-1/2

[Event "SuperLiga-ROM"]
[Site "Eforie Nord ROM"]
[Date "2008.09.07"]
[Round "7"]
[White "Gleizerov,E"]
[Black "Oleksienko,M"]
[Result "1/2-1/2"]
[WhiteElo "2549"]
[BlackElo "2588"]

1.d4 Nf6 2.c4 e6 3.g3 c5 4.d5 exd5 5.cxd5 d6 6.Nc3 g6 7.Nf3 Bg7 8.Bg2 O-O
9.O-O a6 10.a4 Nbd7 11.Bf4 Qc7 12.Rc1 Nh5 13.Bd2 Re8 14.b4 b6 15.Re1 Nhf6
16.h3 Bb7 17.e4 cxb4 18.Nb5 Qb8 19.Nc7 Rxe4 20.Nxa8 Qxa8 21.Rxe4 Nxe4 22.Bxb4 Ndc5
23.Nd2 Nxf2 24.Kxf2 Nd3+ 25.Kg1 Nxb4 26.Nc4 Qd8 27.Kh2 h5 28.Qd2 a5 29.Qf4 Nd3
30.Qxd6 Qxd6 31.Nxd6 Nxc1 32.Nxb7 Nd3 33.d6 Nc5 34.Bc6 Nxb7 35.Bxb7 b5 36.axb5 Be5
37.d7 Bc7 38.Kg2 a4 39.g4 f5 40.gxf5 gxf5 41.Bc8 Bd8 42.b6 Bxb6 43.d8=Q+ Bxd8
44.Bxf5 a3  1/2-1/2

[Event "Autumn-1"]
[Site "Alushta UKR"]
[Date "2008.09.10"]
[Round "9"]
[White "Khudiakov,A"]
[Black "Belikov,V"]
[Result "0-1"]
[WhiteElo "2164"]
[BlackElo "2536"]

1.d4 Nf6 2.c4 e6 3.g3 c5 4.Nf3 cxd4 5.Nxd4 Qc7 6.b3 Bb4+ 7.Bd2 Bc5 8.e3 Ne4
9.Bg2 Nxd2 10.Nxd2 a6 11.O-O O-O 12.Ne4 Be7 13.Qh5 Nc6 14.Rfd1 d6 15.Ng5 h6
16.Nh3 Rd8 17.g4 Bf8 18.Nxc6 bxc6 19.g5 g6 20.Qf3 d5 21.Rac1 Qe7 22.gxh6 Bxh6
23.cxd5 cxd5 24.Nf4 Bb7 25.Qg3 Rac8 26.Nd3 a5 27.Qg4 Qa3 28.Qa4 Qxa4 29.bxa4 Bf8
30.Rxc8 Rxc8 31.Rb1 Rc7 32.Nc1 Bc6 33.Nb3 Bxa4 34.Nxa5 Rc2 35.Nb3 Rxa2 36.Nd4 Bd6
37.Rb6 Ra1+ 38.Bf1 Bxh2+ 39.Kg2 Be8 40.f4 e5 41.Nf3 Ra2+ 42.Kh1 Bg3 43.Rb8 exf4
44.Rxe8+ Kg7 45.exf4 Bxf4 46.Rd8 Rf2 47.Bg2 Rc2 48.Bh3 Rc5 49.Rd7 Kf6 50.Kg2 Rc2+
51.Kh1 Rc5 52.Kg2 Rc2+ 53.Kh1 Rf2 54.Bg2 Rb2 55.Bh3 Rf2 56.Bg2 Ke6 57.Ra7 Be3
58.Ra1 Kf5 59.Ra4 Rb2 60.Nd4+ Ke5 61.Nf3+ Kf5 62.Nd4+ Ke5 63.Nf3+ Kf6 64.Bh3 Rf2
65.Bg2 Rc2 66.Bh3 Rc4 67.Ra6+ Ke7 68.Bf1 Rc2 69.Ra4 g5 70.Bh3 Rf2 71.Bg2 f5
72.Nxg5 Bxg5 73.Bxd5 Kd6 74.Bg2 Be3 75.Ra1 Ke5 76.Rf1 Rb2 77.Bh3 f4 78.Bg2 Kf5
79.Bh3+ Ke4 80.Bg2+ Kf5 81.Bh3+ Kg5 82.Bg2 Kg4 83.Kh2 Rd2 84.Kh1 Bf2 85.Rb1 Kg3
86.Rb3+ Be3  0-1